Identification of marginal land suitable for biofuel production in Serbia

Identifikácia marginálnych oblastí vhodných pre výrobu biopalív v Srbsku.

Guardado en:
Detalles Bibliográficos
Autor principal: Radojević, Uroš
Otros Autores: Ninković, Miloš, Milovanović, Jelena
Formato: Capítulo de libro
Lenguaje:inglés
Materias:
Etiquetas: Agregar Etiqueta
Sin Etiquetas, Sea el primero en etiquetar este registro!

MARC

LEADER 00000naa a2200000 4500
001 0214728
005 20231013070637.8
041 0 |a eng 
044 |a SK 
245 1 0 |a Identification of marginal land suitable for biofuel production in Serbia  |c Uroš Radojević, Miloš Ninković, Jelena Milovanović 
520 |a Identifikácia marginálnych oblastí vhodných pre výrobu biopalív v Srbsku. 
610 2 0 |a produkcia 
610 2 0 |a biopalivá 
610 2 0 |a biomasa 
610 2 0 |a pôda 
610 2 0 |a Srbsko 
100 1 |a Radojević, Uroš 
700 1 |a Ninković, Miloš 
700 1 |a Milovanović, Jelena